| 000 | 00533nam a2200181Ia 4500 | ||
|---|---|---|---|
| 005 | 20250508151440.0 | ||
| 008 | 008 250505s9999 xx 000 0 eng d | ||
| 037 | _aTextual | ||
| 040 |
_aFEDL _beng _cFEDL |
||
| 041 |
_aeng _2eng |
||
| 084 |
_a373.94, MCL _qFEDL |
||
| 100 |
_aMcLean Donald _9277274 |
||
| 245 | 0 | _aNature's second sun : Leaves from a teacher's log | |
| 260 |
_aMelbourne, Austraila _bWilliam Heinemann Ltd _c1954 |
||
| 300 | _axii,130p | ||
| 942 |
_cTEXL _h373.94, MCL |
||
| 999 |
_c1329865 _d1329865 |
||